| 000 | 00951cam a22002774a 4500 | ||
|---|---|---|---|
| 999 |
_c23106 _d23106 |
||
| 001 | 13004190 | ||
| 003 | OSt | ||
| 005 | 20200512124610.0 | ||
| 008 | 011219r19991993enk 001 0 eng | ||
| 020 | _a9789839154900 | ||
| 035 | _a(UkLWHE)e000431348 | ||
| 040 |
_aDLC _coclc _dDLC |
||
| 042 | _apcc | ||
| 050 | 0 | 0 |
_aBP163 _b.N283 1999 |
| 082 | 0 | 0 |
_a297.0904 _221 _bNAS/Y |
| 100 |
_aNasr, Seyyed Hossein _92227 |
||
| 245 | 1 | 2 |
_aA young Muslim's guide to the modern world / _cSeyyed Hossein Nasr |
| 260 |
_aCambridge : _bThe Islamic Texts Society, _c1999. |
||
| 300 |
_a270 p. ; _c23 cm. |
||
| 500 | _aOriginally published: Des Plaines, Ill. : Library of Islam , 1993. | ||
| 500 | _aIncludes index. | ||
| 650 | 4 | _aIslam. | |
| 906 |
_a7 _bcbc _corigres _d3 _encip _f20 _gy-gencatlg |
||
| 942 |
_2ddc _cBK _h297.0904 _iNAS/Y _k297.0904 _mNAS/Y |
||